| 000 | 00430nam a2200181 i 4500 | ||
|---|---|---|---|
| 001 | bg | ||
| 100 | 1 | _aMIZERA, Jan | |
| 245 | 0 |
_aMateriały budowlane / _cJ. Mizera. |
|
| 250 | _aWyd.2 popr. i uzup. | ||
| 260 |
_aOpole, _c1990. |
||
| 650 | 9 | _aMateriały budowlane | |
| 655 | _aPodręczniki akademickie | ||
| 040 | _cBPK | ||
| 041 | _apol | ||
| 080 | _a691(075.8) | ||
| 942 | _cKS | ||
| 008 | s pl f |000 0 pol | ||
| 999 |
_c4329 _d4329 |
||
| 856 |
_uhttp://koha.tu.koszalin.pl/cgi-bin/koha/opac-detail.pl?biblionumber=4329 _yKatalog online BPK |
||